000
00267nam a22001217a 4500
008
181102b xxu||||| |||| 00| 0 eng d
041
_a
eng
080
_a
612.39
100
_a
10
101
_a
NUT
245
_a
Orthomolecular Nutrition
_c
Pauling,L
942
_2
udc
_c
BK
999
_c
51707
_d
51707